000 00299nam a2200121 a 4500
008 110427s1967|||| d
245 1 0 _aPríruční slovník náučný IV S-Ž
020 _c90
044 _aCZ
041 _acze
260 _c1967
_bACADEMIA
_aPraha
100 1 _aProcházka, Vladimír
999 _c17720
_d17720